| 000 | 00846-am-a2200241-a-4500 | ||
|---|---|---|---|
| 001 | 000068862 | ||
| 003 | AM-YEHGA | ||
| 005 | 20250617121651.0 | ||
| 008 | 990229s1984 ru ||||| |||| 00| 0 rus d | ||
| 040 | _aAM-YeHGA | ||
| 041 | 1 |
_arus _heng |
|
| 100 | 1 | _aГрант, Верн | |
| 245 | 1 | 0 |
_aВидообразование у растений : _bПер. с англ. / _cВ. Грант; Пер. Н.О. Фоминой; Под ред. А.Л. Тахтаджяна. |
| 246 | 3 | _aPlant Speciation | |
| 260 |
_aМосква : _bМир, _c1984. |
||
| 300 |
_a528 с. : _bил. |
||
| 650 | 1 | 4 | _aБотаника |
| 650 | 1 | 4 | _aВидообразование у растений |
| 700 | 1 |
_aФомина, Н.О. _4trl _eпер. |
|
| 700 | 1 |
_aԹախտաջյան, Արմեն Լևոնի, _d1910-2009 _4edt _qред. |
|
| 942 |
_2udc _cBK |
||
| 090 | _c20947 | ||
| 999 |
_c20731 _d20731 |
||